Evaluating information : (Record no. 10277)

MARC details
000 -LEADER
fixed length control field 01181pam a2200313 a 4500
001 - CONTROL NUMBER
control field 1997838
003 - CONTROL NUMBER IDENTIFIER
control field OSt
005 - DATE AND TIME OF LATEST TRANSACTION
control field 20211007104706.0
008 - FIXED-LENGTH DATA ELEMENTS--GENERAL INFORMATION
fixed length control field 900205s1991 nyua b 001 0 eng
010 ## - LIBRARY OF CONGRESS CONTROL NUMBER
LC control number 90031519
020 ## - INTERNATIONAL STANDARD BOOK NUMBER
International Standard Book Number 0070335885
040 ## - CATALOGING SOURCE
Original cataloging agency DLC
Transcribing agency HU
Modifying agency DLC
050 00 - LIBRARY OF CONGRESS CALL NUMBER
Classification number H62
Item number .K378 1991
082 00 - DEWEY DECIMAL CLASSIFICATION NUMBER
Classification number 300/.72
Edition number 20
100 1# - MAIN ENTRY--PERSONAL NAME
Personal name Katzer, Jeffrey.
9 (RLIN) 11122
245 10 - TITLE STATEMENT
Title Evaluating information :
Remainder of title a guide for users of social science research /
Statement of responsibility, etc. Jeffrey Katzer, Kenneth H. Cook, Wayne W. Crouch.
250 ## - EDITION STATEMENT
Edition statement 3rd ed.
260 ## - PUBLICATION, DISTRIBUTION, ETC.
Place of publication, distribution, etc. New York :
Name of publisher, distributor, etc. McGraw-Hill,
Date of publication, distribution, etc. c1991.
300 ## - PHYSICAL DESCRIPTION
Extent x, 272 p. :
Other physical details ill. ;
Dimensions 24 cm.
504 ## - BIBLIOGRAPHY, ETC. NOTE
Bibliography, etc. note Includes bibliographical references and index.
650 #0 - SUBJECT ADDED ENTRY--TOPICAL TERM
Topical term or geographic name entry element Social sciences
General subdivision Research
-- Methodology.
9 (RLIN) 10279
650 #0 - SUBJECT ADDED ENTRY--TOPICAL TERM
Topical term or geographic name entry element Social sciences
General subdivision Methodology.
9 (RLIN) 3028
700 1# - ADDED ENTRY--PERSONAL NAME
Personal name Cook, Kenneth H.
9 (RLIN) 11123
700 1# - ADDED ENTRY--PERSONAL NAME
Personal name Crouch, Wayne W.
9 (RLIN) 11124
856 42 - ELECTRONIC LOCATION AND ACCESS
Materials specified Publisher description
Uniform Resource Identifier <a href="http://www.loc.gov/catdir/enhancements/fy0602/90031519-d.html">http://www.loc.gov/catdir/enhancements/fy0602/90031519-d.html</a>
906 ## - LOCAL DATA ELEMENT F, LDF (RLIN)
a 7
b cbc
c orignew
d 1
e ocip
f 19
g y-gencatlg
942 ## - ADDED ENTRY ELEMENTS (KOHA)
Source of classification or shelving scheme Dewey Decimal Classification
Koha item type Books like text book referance book
Suppress in OPAC No
Holdings
Withdrawn status Lost status Source of classification or shelving scheme Damaged status Not for loan Home library Current library Shelving location Date acquired Total Checkouts Full call number Barcode Date last seen Copy number Price effective from Koha item type
    Dewey Decimal Classification     Social Library Social Library General Stacks 10/07/2021   300.72KAT SHLIB 00001268 10/07/2021 1 10/07/2021 Books like text book referance book
    Dewey Decimal Classification     Social Library Social Library General Stacks 10/19/2021   300.72/KAT SHLIB 00001289 10/19/2021 2 10/19/2021 Books like text book referance book